000 00459nam a2200181Ia 4500
008 240925s9999 xx 000 0 und d
020 _a8174390359
082 _a658.3125 SAU
100 _aSaunders, Rebecca M.
245 0 _aEffective performance appraisals
250 _aNA
260 _aNew Delhi:
_bGoodword Books
_c,2000.
300 _a225p.
_b0
_fOriginal
500 _aIncludes Index
600 _aManagement
650 _aManagement
942 _cBK
999 _c17774
_d17774